000 01204nam a2200373 4500
001 22678
003 SK-KTurca
005 20260415151536.0
008 220419s2021 xo d 000 f slo d
020 _a9788080902131
_q(viazané)
035 _aa000703626
040 _dUKB
_erda
041 1 _aslo
_heng
044 _axo
_cSK
072 7 _a821.134.2-3
_xŠpanielska próza, španielsky písaná
_2konspekt
080 _a821.164.2(72)-31
_22011
080 _a(0:82-31)
_22011
080 _a(092)
_22011
100 1 _aMoreno-Garcia, Silvia
_4aut
240 1 0 _aMexican gothic.
_lSlovensky
245 1 0 _aMexická gotika
_cSilvia Moreno-Garcia ; preklad Michal Zidor
250 _aVydanie 1.
264 1 _aBratislava
_bGrada Slovakia s.r.o - Cosmopolis
_c2021
300 _a320 strán
_c21 cm
336 _atext
_btxt
_2rdacontent
337 _abez média
_bn
_2rdamedia
338 _azväzok
_bnc
_2rdacarrier
500 _aVydala Grada Slovakia s.r.o pod značkou Cosmopolis
655 7 _amexické romány
_2UKBPH
655 7 _ašpanielsky písané romány
_2UKBPH
700 1 _aZidor, Michal
_4trl
942 _2ddc
_cKLDO
_n0
980 _aGrada Slovakia s.r.o., Moskovská 29, 811 08 Bratislava
999 _c22678
_d22678